Domácnosti a finančný trh v SR bakalárska práca

Saved in:
Bibliographic Details
Main Author: Brímus, Adam
Corporate Author: Národohospodárska fakulta EU. Katedra bankovníctva a medzinárodných financií
Other Authors: Cesnak, Martin, 1994-
Format: Book
Language:Slovak
Published: Bratislava 2024
Tags: Add Tag
No Tags, Be the first to tag this record!

MARC

LEADER 00000nbm a2200000 4500
001 0301713
005 20250401111837.7
041 0 |a slo 
044 |a SK 
245 1 0 |a Domácnosti a finančný trh v SR  |b bakalárska práca  |c Adam Brímus ; školiteľ: Martin Cesnak 
264 1 |a Bratislava  |c 2024 
300 |a 55 s. 
100 1 |a Brímus, Adam 
700 1 |a Cesnak, Martin, 1994- 
710 2 |a Národohospodárska fakulta EU. Katedra bankovníctva a medzinárodných financií